How Many? (NBA edition) - Statistics

General Stats
  • This quiz has been taken 14 times
  • The average score is 8 of 10
Answer Stats
Hint Answer % Correct
How many players have won 6 MVPs? 1
100%
How many all star appearances does Darius Garland have? 1
100%
How many teams has Shaq played for? 6
100%
How many championships does Robert Horry have? 7
100%
How many teams make the playoffs every year? (no play-in) 16
92%
How many championships has the Celtics won? 18
92%
What number did Russell Westbrook wear on the Wizards? 4
83%
How many points did Wilt Chamberlain average in the 1961-1962 NBA season? 50
75%
When was the Pistons last playoff appearance? 2019
50%
How many women does Wilt Chamberlain say he slept with? 20,000
17%
No matching quizzes found
Score Distribution
Percent of People with Each Score
Percentile by Number Answered
Your Score History
You have not taken this quiz